00482nam a2200085Ia 4500008004100000245001700041300027300058650001600331856004900347170517s9999 xx 000 0 und d aHalf Ton Man aWeighing the same as five baby elephants and a shade less than a Mini Cooper, Patrick Deuel is one of the heaviest men ever and a medical miracle. His heart and other organs should have collapsed long before he reached his record-breaking weight of 76 stone 8lbs. A... xTechnology. uhttp://topdocumentaryfilms.com/half-ton-man/